000 01292nam a2200313 a 4500
001 ebr10441064
003 CaPaEBR
006 m u
007 cr cn|||||||||
008 110207s2010 enka s 001 0 eng d
020 _z9781847198969
020 _z9781847198976 (e-book)
040 _aCaPaEBR
_cCaPaEBR
035 _a(OCoLC)611919337
050 1 4 _aTK6397
_b.L36 2010eb
100 1 _aLandis, Matthew M.
245 1 4 _aThe 3CX IP PBX tutorial
_h[electronic resource] :
_bdevelop a fully functional, low cost, professional PBX phone system using 3CX /
_cMatthew M. Landis, Robert A. Lloyd.
260 _aBirmingham [England] :
_bPackt Pub.,
_c2010.
300 _av, 212 p. :
_bill. (some col.).
490 1 _aFrom technologies to solutions
500 _aIncludes index.
533 _aElectronic reproduction.
_bPalo Alto, Calif. :
_cebrary,
_d2011.
_nAvailable via World Wide Web.
_nAccess may be limited to ebrary affiliated libraries.
650 0 _aTelephone
_xPrivate branch exchanges.
655 7 _aElectronic books.
_2local
700 1 _aLloyd, Robert A.
710 2 _aebrary, Inc.
830 0 _aFrom technologies to solutions.
856 4 0 _uhttp://site.ebrary.com/lib/rucke/Doc?id=10441064
_zAn electronic book accessible through the World Wide Web; click to view
999 _c134991
_d134991